LEADER 00547nas a2200157 i 4500 001 000000133314 003 CaOOAMICUS 005 20050104000000.0 008 050104b it uu u0 0ita r 013 $a106333 040 $aSeMil$bita 245 10$aTitolo mancante. 773 0 $tRivista internazionale di filosofia politica e sociale e di diritto comparato.$dGenova : [s.n.] $w()2864 850 $aSeMil 852 $aSeMil$W1$xVenegono$y1$m206 3 1-7$j87163$B87163$CSeMilBibl$Z2$F90887 $82 996 $6245$aTitolo mancante$9(OLS)http://semarc/title/46445 LEADER 00480nab a2200133 i 4500 001 000000329782 003 CaOOAMICUS 005 20180831173626.0 008 180831n it uu u0 0ita r 013 $a41467 040 $aSeMil$bita 245 10$aSignore, non dimenticherò la tua Parola! - In [rubrica] :$bPreghiera. 773 0 $t«Chiesa dalle genti».$gp.[16]-[17]$w()291963 996 $6245$aSignore, non dimenticherò la tua Parola! - In [rubrica] :$bPreghiera.$9(OLS)http://semarc/title/418248 LEADER 01016nam a2200241 i 4500 001 000000124112 003 CaOOAMICUS 005 20180320000000.0 008 180320s2015 it u000 u ita u 013 $a96809 040 $aSeMil$bita 100 1 $aMalvestiti, Maurizio .$0(OLS)http://semarc/name/93143 245 10$aNello spirito del risorto :$bChiesa di Lodi, itinerario pastorale 2015-2018 /$cMaurizio Malvestiti. 260 $aLodi :$bPMP Edizioni,$cstampa 2015. 300 $a45 p. ;$c17 cm. 500 $aOmaggio card. Dionigi Tettamanzi. 650 4$aLodi (Diocesi) - Lettere pastorali.$0(OLS)http://semarc/subject/46123 850 $aSeMil 852 $aSeMil$W1$xVenegono$y1$m5D IX 25/24$j78730$B78730$CSeMilBibl$Z2$F80958 $81 941 1 $a5 961 $aLascito: Tettamanzi Card. Dionigi 996 $6245$aNello spirito del risorto :$bChiesa di Lodi, itinerario pastorale 2015-2018$9(OLS)http://semarc/title/407932 996 $6260$aLodi :$bPMP Edizioni$9(OLS)http://semarc/publisher/53293 LEADER 01273nam a2200289 i 4500 001 000000222377 003 CaOOAMICUS 005 20131126000000.0 008 131126s2005 it u000 u spa u 013 $a201274 020 $a84-8169-695-1 040 $aSeMil$bita 100 1 $aLuzarraga, Jesús,$c.$0(OLS)http://semarc/name/46757 245 10$aCantar de los cantares :$bsendas del amor : poesía /$cJesús Luzarraga. 260 $aEstella :$bVerbo Divino,$c2005. 300 $a650, 5 p. ;$c24 cm. 490 0 $aNueva Biblia Española : comentario teológico y literario 500 $aCon dedica autografa dell'Autore. - Fondo card. C. M. Martini. 650 4$aBibbia. Antico Testamento. Cantico dei Cantici - Meditazioni.$0(OLS)http://semarc/subject/35559 830 0$aNueva Biblia española.$0(OLS)http://semarc/title/24177 850 $aSeMil 852 $aSeMil$W1$xVenegono$y1$m2V VII 8$j172723$B172723$CSeMilBibl$Z2$F185759 $81 941 1 $a4 961 $aLascito: Martini Card. Carlo Maria 996 $6020$a84-8169-695-1$9(OLS)http://semarc/number/221938 996 $6245$aCantar de los cantares :$bsendas del amor : poesía$9(OLS)http://semarc/title/318721 996 $6260$aEstella :$bVerbo Divino$9(OLS)http://semarc/publisher/32054